[Event "Vesterhavsturneringen 2004"]
[Site "Esbjerg"]
[Date "2004.07.03"]
[Round "1"]
[White "Aagaard, Kasper Bek"]
[Black "Nielsen, Henrik Lindholt"]
[Result "0-1"]
[WhiteElo "1452"]
[BlackElo "1839"]
[PlyCount "42"]
[EventDate "2004.??.??"]
[EventType "swiss"]
[EventRounds "9"]
[EventCountry "DEN"]

1. e4 c6 2. d4 d5 3. Nc3 dxe4 4. Nxe4 Nf6 5. Nxf6+ exf6 6. Nf3 Bd6 7. Be2 O-O
8. O-O Re8 9. Be3 Nd7 10. c4 Bc7 11. c5 Nf8 12. b4 Ng6 13. b5 Nf4 14. Bxf4 Bxf4
15. Re1 Be6 16. Qa4 Bd5 17. bxc6 bxc6 18. Nh4 Bd2 19. Nf5 Bxe1 20. Rxe1 Qb8 21.
Nd6 Rxe2 0-1

[Event "Vesterhavsturneringen 2004"]
[Site "Esbjerg"]
[Date "2004.07.03"]
[Round "1"]
[White "Andersen, Hans Jorgen"]
[Black "Nielsen, Patricia"]
[Result "1-0"]
[WhiteElo "2060"]
[BlackElo "1291"]
[PlyCount "61"]
[EventDate "2004.??.??"]
[EventType "swiss"]
[EventRounds "9"]
[EventCountry "DEN"]

1. e4 e5 2. Nf3 Nf6 3. Nc3 Bb4 4. Be2 d6 5. d3 Bc5 6. Bg5 Nbd7 7. O-O h6 8. Bh4
g5 9. Bg3 h5 10. h4 g4 11. Nd2 Nf8 12. Na4 N6d7 13. Nxc5 Nxc5 14. f4 exf4 15.
Rxf4 Ng6 16. Qf1 Nxf4 17. Qxf4 Ne6 18. Qf2 Qe7 19. d4 Bd7 20. d5 Nc5 21. Qd4
O-O-O 22. b4 Na6 23. Bxa6 bxa6 24. Qxa7 Be8 25. Qxa6+ Kb8 26. Bf2 c6 27. dxc6
Rh6 28. Nc4 d5 29. Bg3+ Rhd6 30. Nxd6 Rxd6 31. Bxd6+ 1-0

[Event "Vesterhavsturneringen 2004"]
[Site "Esbjerg"]
[Date "2004.07.03"]
[Round "1"]
[White "Bonnelykke, Ole"]
[Black "Roerholt, Carsten"]
[Result "1/2-1/2"]
[WhiteElo "2065"]
[BlackElo "1618"]
[PlyCount "105"]
[EventDate "2004.??.??"]
[EventType "swiss"]
[EventRounds "9"]
[EventCountry "DEN"]

1. e4 c5 2. Nc3 Nc6 3. g3 g6 4. Bg2 Bg7 5. d3 d6 6. Bg5 Be6 7. Qd2 Qa5 8. Nge2
Nd4 9. O-O Bh3 10. Nxd4 cxd4 11. Ne2 Qxd2 12. Bxd2 Bxg2 13. Kxg2 Nf6 14. c3
dxc3 15. bxc3 O-O 16. a4 b6 17. Rab1 Nd7 18. d4 e5 19. Be3 Rac8 20. a5 exd4 21.
cxd4 Rc2 22. Nf4 Rc4 23. axb6 axb6 24. Rfd1 Rb8 25. Rb5 Kf8 26. Nd5 Ke8 27. Bf4
Rxd4 28. Rxd4 Bxd4 29. Bxd6 Rc8 30. Nc7+ Kd8 31. Rd5 Bc5 32. Nb5 Ra8 33. e5 Ra2
34. Bxc5 bxc5 35. Nd6 Ke7 36. Ne4 c4 37. Nc5 Nb6 38. Rd6 Na4 39. Rd7+ Kf8 40.
Rd8+ Kg7 41. Nxa4 Rxa4 42. Rc8 g5 43. Kf3 h5 44. Ke4 Ra2 45. f4 gxf4 46. gxf4
Rxh2 47. Rxc4 Rg2 48. Kf5 h4 49. Rc1 h3 50. Rh1 h2 51. Ke4 Kg6 52. Kf3 Rb2 53.
Kg4 1/2-1/2

[Event "Vesterhavsturneringen 2004"]
[Site "Esbjerg"]
[Date "2004.07.03"]
[Round "1"]
[White "Carlstedt, Jonathan"]
[Black "Hartvig, Ove Weiss"]
[Result "1/2-1/2"]
[WhiteElo "2009"]
[BlackElo "2212"]
[PlyCount "55"]
[EventDate "2004.??.??"]
[EventType "swiss"]
[EventRounds "9"]
[EventCountry "DEN"]

1. c4 e5 2. d3 Nc6 3. Nf3 f5 4. g3 Nf6 5. Nc3 g6 6. Bg2 Bg7 7. O-O O-O 8. Nh4
d6 9. f4 Be6 10. Nf3 h6 11. Bd2 Qd7 12. Kh1 Rae8 13. Nh4 Ne7 14. e4 exf4 15.
gxf4 fxe4 16. Nxe4 Nxe4 17. Bxe4 d5 18. cxd5 Bxd5 19. Qf3 g5 20. Bxd5+ Nxd5 21.
Ng2 g4 22. Qd1 g3 23. Qf3 gxh2 24. Kxh2 c6 25. Rab1 Rd8 26. Qg3 Nf6 27. Rf3
Ng4+ 28. Kh1 1/2-1/2

[Event "Vesterhavsturneringen 2004"]
[Site "Esbjerg"]
[Date "2004.07.03"]
[Round "1"]
[White "Christensen, Henrik"]
[Black "Kallenbach, Uffe"]
[Result "1-0"]
[WhiteElo "1874"]
[BlackElo "1434"]
[PlyCount "51"]
[EventDate "2004.??.??"]
[EventType "swiss"]
[EventRounds "9"]
[EventCountry "DEN"]

1. e4 c5 2. Nc3 e6 3. f4 d5 4. Nf3 dxe4 5. Nxe4 Nf6 6. Nf2 Bd6 7. d3 O-O 8. g3
Nc6 9. Bg2 Bd7 10. O-O Rc8 11. Ng5 b6 12. Nfe4 Be7 13. h4 h6 14. c3 hxg5 15.
Nxf6+ Bxf6 16. hxg5 Be7 17. Qh5 g6 18. Qh4 Re8 19. Be4 Bf8 20. Kg2 Bg7 21. Rh1
Re7 22. Be3 Qe8 23. Rh2 f5 24. gxf6 Bxf6 25. Qxf6 Rg7 26. Rah1 1-0

[Event "Vesterhavsturneringen 2004"]
[Site "Esbjerg"]
[Date "2004.07.03"]
[Round "1"]
[White "Christensen, Svend Ib"]
[Black "Hansen, John Nyholm"]
[Result "0-1"]
[WhiteElo "1517"]
[BlackElo "2021"]
[PlyCount "62"]
[EventDate "2004.??.??"]
[EventType "swiss"]
[EventRounds "9"]
[EventCountry "DEN"]

1. d4 Nf6 2. c4 e6 3. a3 d5 4. e3 Be7 5. Nc3 b6 6. Nf3 O-O 7. Bd3 c5 8. Qc2 Nc6
9. O-O Bb7 10. cxd5 exd5 11. b3 Rc8 12. Bb2 Qd6 13. Bf5 Rcd8 14. Nb5 Qb8 15.
dxc5 g6 16. Bh3 bxc5 17. Rfd1 Ba6 18. Nc3 Na5 19. b4 Nc4 20. Rab1 cxb4 21. axb4
Qxb4 22. Na2 Qd6 23. Bd4 Na3 24. Be5 Nxc2 25. Bxd6 Bxd6 26. Nd4 Nxd4 27. Rxd4
Bc4 28. Nc3 Be5 29. Rxc4 dxc4 30. Rc1 Bxc3 31. Rxc3 Rd1# 0-1

[Event "Vesterhavsturneringen 2004"]
[Site "Esbjerg"]
[Date "2004.07.03"]
[Round "1"]
[White "Clausen, Borge"]
[Black "Hagesaether, Torill"]
[Result "0-1"]
[WhiteElo "1400"]
[BlackElo "1980"]
[PlyCount "50"]
[EventDate "2004.??.??"]
[EventType "swiss"]
[EventRounds "9"]
[EventCountry "DEN"]

1. d4 d5 2. e3 Bf5 3. c4 e6 4. Nc3 c6 5. Nf3 Nf6 6. a3 Bd6 7. h3 h6 8. Be2 O-O
9. O-O Nbd7 10. b4 Ne4 11. Bb2 Ng5 12. Nxg5 Qxg5 13. g4 Qh4 14. Kg2 Bh7 15. b5
f5 16. f4 fxg4 17. hxg4 cxb5 18. Nxb5 Be4+ 19. Bf3 Qxg4+ 20. Kf2 Qh4+ 21. Kg2
Bxf4 22. exf4 Qg4+ 23. Kh1 Qh3+ 24. Kg1 Qg3+ 25. Kh1 Rxf4 0-1

[Event "Vesterhavsturneringen 2004"]
[Site "Esbjerg"]
[Date "2004.07.03"]
[Round "1"]
[White "Damm, Kasper Wilken"]
[Black "Kristensen, Jens"]
[Result "1-0"]
[WhiteElo "2241"]
[BlackElo "1689"]
[PlyCount "73"]
[EventDate "2004.??.??"]
[EventType "swiss"]
[EventRounds "9"]
[EventCountry "DEN"]

1. e4 e5 2. Nf3 Nc6 3. Bc4 Be7 4. d4 exd4 5. Nxd4 Nf6 6. Nxc6 dxc6 7. Qxd8+
Bxd8 8. O-O O-O 9. Re1 Re8 10. f3 b5 11. Bf1 Be7 12. Be3 Bd7 13. Nd2 Be6 14.
Nb3 a6 15. c3 Bf8 16. Kf2 Nd7 17. Nd4 c5 18. Nxe6 Rxe6 19. c4 c6 20. Rac1 Rb8
21. b3 Rb7 22. g3 Rd6 23. f4 f6 24. Ke2 Re6 25. Kf3 Rc7 26. h4 h6 27. Bh3 Rd6
28. Bf5 g5 29. hxg5 hxg5 30. Rh1 Bg7 31. Rc2 bxc4 32. Rxc4 Nf8 33. Rxc5 Ne6 34.
Bxe6+ Rxe6 35. fxg5 fxg5 36. Rxg5 Rce7 37. Bd4 1-0

[Event "Vesterhavsturneringen 2004"]
[Site "Esbjerg"]
[Date "2004.07.03"]
[Round "1"]
[White "Dorup, Ivar"]
[Black "Svensson, Sven"]
[Result "0-1"]
[WhiteElo "1690"]
[BlackElo "2117"]
[PlyCount "56"]
[EventDate "2004.??.??"]
[EventType "swiss"]
[EventRounds "9"]
[EventCountry "DEN"]

1. d4 Nf6 2. Nf3 e6 3. c4 Bb4+ 4. Nc3 O-O 5. Bg5 c5 6. e3 Qa5 7. Bxf6 Bxc3+ 8.
bxc3 Qxc3+ 9. Nd2 gxf6 10. Rc1 Qa5 11. Bd3 cxd4 12. exd4 Qg5 13. Ne4 Qg7 14.
Qh5 f5 15. Ng5 Nc6 16. Rc3 f6 17. Nf3 Qg4 18. Qh6 Nxd4 19. h3 Qxg2 20. Bf1
Nxf3+ 21. Rxf3 Qxf3 22. Rg1+ Kf7 23. Rg7+ Ke8 24. Be2 Qc3+ 25. Kf1 b6 26. Bh5+
Kd8 27. Rxd7+ Kxd7 28. Qxf8 Qxh3+ 0-1

[Event "Vesterhavsturneringen 2004"]
[Site "Esbjerg"]
[Date "2004.07.03"]
[Round "1"]
[White "Fedorchuk, Sergey"]
[Black "Hansen, Max Erik"]
[Result "1-0"]
[WhiteElo "2569"]
[BlackElo "1775"]
[PlyCount "69"]
[EventDate "2004.??.??"]
[EventType "swiss"]
[EventRounds "9"]
[EventCountry "DEN"]

1. e4 e5 2. Nf3 Nf6 3. Nxe5 d6 4. Nf3 Nxe4 5. Nc3 Nxc3 6. dxc3 Be7 7. Bf4 O-O
8. Qd2 Bf5 9. Nd4 Bg6 10. O-O-O Nc6 11. f3 Nxd4 12. cxd4 Qd7 13. h4 h5 14. g4
Qa4 15. Kb1 Rfd8 16. Bg5 f6 17. Be3 c5 18. gxh5 Bxh5 19. Qg2 Bf7 20. b3 Qe8 21.
Bd3 Bh5 22. Bh6 Bf8 23. Rhg1 Qe7 24. Rde1 Qc7 25. Re6 Qf7 26. d5 Kh8 27. Bc1
Re8 28. Qh3 Rxe6 29. dxe6 Qg8 30. Bb2 Be7 31. f4 a6 32. Rg5 fxg5 33. hxg5 Qe8
34. g6 Bf6 35. e7 1-0

[Event "Vesterhavsturneringen 2004"]
[Site "Esbjerg"]
[Date "2004.07.03"]
[Round "1"]
[White "Fredgaard, Jonathan"]
[Black "Andersen, Morten"]
[Result "0-1"]
[WhiteElo "1563"]
[BlackElo "2111"]
[PlyCount "80"]
[EventDate "2004.??.??"]
[EventType "swiss"]
[EventRounds "9"]
[EventCountry "DEN"]

1. e4 c5 2. d4 cxd4 3. c3 dxc3 4. Nxc3 Nc6 5. Nf3 g6 6. Bg5 h6 7. Bh4 Bg7 8.
Bc4 Nf6 9. O-O O-O 10. a3 d6 11. Qc2 Bg4 12. e5 Bf5 13. Qc1 dxe5 14. Bxf6 exf6
15. Nh4 Qc8 16. Ne2 Be6 17. f4 Nd4 18. Nxd4 Bxc4 19. Ndf5 gxf5 20. Rf3 Bd5 21.
Rc3 Qe6 22. Qc2 Be4 23. Qf2 Rfd8 24. Re1 Rd4 25. Nf3 Rc4 26. Rxc4 Qxc4 27. Nd2
Qd4 28. Nxe4 fxe4 29. f5 Rc8 30. Kf1 Qd3+ 31. Qe2 Rc2 32. Qxd3 exd3 33. Rd1 e4
34. b3 h5 35. h3 Bh6 36. g4 hxg4 37. hxg4 Rc1 38. Ke1 Rxd1+ 39. Kxd1 e3 40. Ke1
Bf4 0-1

[Event "Vesterhavsturneringen 2004"]
[Site "Esbjerg"]
[Date "2004.07.03"]
[Round "1"]
[White "Grove, Peter"]
[Black "Jakobsen, Martin Skov"]
[Result "0-1"]
[WhiteElo "1670"]
[BlackElo "2139"]
[PlyCount "64"]
[EventDate "2004.??.??"]
[EventType "swiss"]
[EventRounds "9"]
[EventCountry "DEN"]

1. e4 c5 2. Nf3 d6 3. d4 cxd4 4. Nxd4 Nf6 5. Nc3 a6 6. Be2 e6 7. O-O Be7 8. Be3
Qc7 9. Qd2 Nc6 10. a4 b6 11. Rad1 O-O 12. f4 Bb7 13. Bf3 Rfd8 14. g4 Rac8 15.
Qf2 Nd7 16. f5 Nxd4 17. Bxd4 Qc6 18. Qe2 Ne5 19. Bxe5 dxe5 20. Bg2 Rd4 21. Kh1
Rcd8 22. Rd3 b5 23. axb5 axb5 24. fxe6 fxe6 25. Rxd4 exd4 26. Nd1 e5 27. c3 b4
28. Rf5 dxc3 29. bxc3 bxc3 30. Qa2+ Kh8 31. Ne3 c2 32. Qxc2 Qxc2 0-1

[Event "Vesterhavsturneringen 2004"]
[Site "Esbjerg"]
[Date "2004.07.03"]
[Round "1"]
[White "Hamann, Brian"]
[Black "Nielsen, Nicholas Roland"]
[Result "0-1"]
[WhiteElo "1667"]
[BlackElo "2176"]
[PlyCount "48"]
[EventDate "2004.??.??"]
[EventType "swiss"]
[EventRounds "9"]
[EventCountry "DEN"]

1. d4 f5 2. g3 e6 3. Bg2 Nf6 4. Nf3 d5 5. O-O Bd6 6. c4 c6 7. b3 Qe7 8. Bb2 O-O
9. Nbd2 Bd7 10. c5 Bc7 11. b4 Be8 12. a4 Nbd7 13. e3 Bh5 14. Qc2 Ne4 15. b5 g5
16. Rfc1 Rf7 17. Ne1 Raf8 18. f4 Ndf6 19. Nd3 Ng4 20. Nf1 Rg7 21. Bxe4 fxe4 22.
Ne5 Bxe5 23. dxe5 gxf4 24. exf4 Rxf4 0-1

[Event "Vesterhavsturneringen 2004"]
[Site "Esbjerg"]
[Date "2004.07.03"]
[Round "1"]
[White "Hansen, Erik Hedegaard"]
[Black "Jakobsen, Ole"]
[Result "0-1"]
[WhiteElo "1738"]
[BlackElo "2379"]
[PlyCount "89"]
[EventDate "2004.??.??"]
[EventType "swiss"]
[EventRounds "9"]
[EventCountry "DEN"]

1. d4 Nf6 2. c4 c5 3. d5 g6 4. Nc3 d6 5. e4 Bg7 6. Be2 O-O 7. Nf3 e6 8. O-O
exd5 9. exd5 Bg4 10. h3 Bxf3 11. Bxf3 Nbd7 12. Bg5 h6 13. Bh4 Qb6 14. Qb3 Qc7
15. Nb5 Qb8 16. Bg3 Ne8 17. Rfe1 Ne5 18. Re2 a6 19. Nc3 f5 20. Rae1 f4 21. Bh2
Nxf3+ 22. gxf3 Be5 23. Qc2 Kh7 24. Ne4 Qc7 25. Kh1 Ng7 26. Rg1 Nf5 27. Qd3 b5
28. b3 bxc4 29. bxc4 Rab8 30. Rg4 Ne7 31. Re1 Rf5 32. Reg1 Rbf8 33. h4 Kh8 34.
Qd2 Qb6 35. Ng3 fxg3 36. Qxh6+ Kg8 37. Rxg6+ Nxg6 38. Qxg6+ Bg7 39. Rxg3 Qc7
40. h5 R5f6 41. Qg5 Kh7 42. Qh4 Qd7 43. Qe4+ Qf5 44. Qh4 Rg6 45. Rh3 0-1

[Event "Vesterhavsturneringen 2004"]
[Site "Esbjerg"]
[Date "2004.07.03"]
[Round "1"]
[White "Hansen, Mads Kjaer"]
[Black "Nielsen, Erling Moller"]
[Result "0-1"]
[WhiteElo "1331"]
[BlackElo "2034"]
[PlyCount "41"]
[EventDate "2004.??.??"]
[EventType "swiss"]
[EventRounds "9"]
[EventCountry "DEN"]

1. e4 e6 2. d4 d5 3. e5 c5 4. c3 Qb6 5. Nf3 Nc6 6. Bd3 cxd4 7. Nxd4 Nxe5 8. O-O
Nxd3 9. Qxd3 Nf6 10. Qb5+ Qxb5 11. Nxb5 Kd8 12. Bf4 Ne8 13. Nd2 Bd7 14. Nd4 f6
15. Be3 e5 16. N4b3 b6 17. f4 Be7 18. fxe5 fxe5 19. Nf3 Bd6 20. Bg5+ Kc7 21.
Rae1 0-1

[Event "Vesterhavsturneringen 2004"]
[Site "Esbjerg"]
[Date "2004.07.03"]
[Round "1"]
[White "Henriksen, Rene"]
[Black "Jensen, Torben Richard"]
[Result "0-1"]
[WhiteElo "1293"]
[BlackElo "1898"]
[PlyCount "116"]
[EventDate "2004.??.??"]
[EventType "swiss"]
[EventRounds "9"]
[EventCountry "DEN"]

1. e4 c6 2. d4 d5 3. exd5 cxd5 4. c4 Nf6 5. Nc3 Nc6 6. Bg5 dxc4 7. d5 Ne5 8.
Qd4 Ng6 9. Nf3 a6 10. Bxc4 b5 11. Bb3 Nd7 12. O-O Qb6 13. Rad1 Qxd4 14. Nxd4
Nc5 15. Bc2 Bb7 16. Rfe1 Nd7 17. Nf5 Nde5 18. d6 e6 19. Ne7 Bxe7 20. dxe7 f6
21. Be3 Kxe7 22. Bc5+ Kf7 23. Bb6 Nf4 24. Ne4 Bd5 25. b3 Nd7 26. Be3 Ng6 27.
Nc3 Bc6 28. Rd6 Rac8 29. Be4 Nde5 30. Red1 Ne7 31. Bxc6 N5xc6 32. Ne4 Rhd8 33.
Bb6 Rg8 34. Rd7 Kg6 35. Nd6 Rb8 36. Bc7 Ra8 37. Bb6 Nd5 38. Bc5 f5 39. Re1 Nd8
40. Nf7 Nxf7 41. Rxe6+ Nf6 42. h4 h5 43. Bd4 Rge8 44. Rc6 Re1+ 45. Kh2 Ne5 46.
Bxe5 Rxe5 47. Rdd6 Re4 48. g3 Re2 49. Kg2 Rxa2 50. b4 Kh7 51. Rc5 Ne4 52. Rxf5
Nxd6 53. Rxh5+ Kg6 54. Rd5 Ne4 55. Kf3 Re8 56. Rd4 Rxf2+ 57. Ke3 Rg2 58. Kf4
Nxg3 0-1

[Event "Vesterhavsturneringen 2004"]
[Site "Esbjerg"]
[Date "2004.07.03"]
[Round "1"]
[White "Hjorth, Henrik"]
[Black "Poulsen, Iver"]
[Result "0-1"]
[WhiteElo "1625"]
[BlackElo "2084"]
[PlyCount "48"]
[EventDate "2004.??.??"]
[EventType "swiss"]
[EventRounds "9"]
[EventCountry "DEN"]

1. d4 d5 2. Nf3 c6 3. Bf4 Nf6 4. e3 e6 5. c3 Be7 6. Bd3 Nbd7 7. Nbd2 a6 8. O-O
Nh5 9. Bg3 Nxg3 10. hxg3 c5 11. Re1 O-O 12. e4 dxe4 13. Nxe4 cxd4 14. Nxd4 Ne5
15. Bc2 Qc7 16. Qh5 g6 17. Qh6 Ng4 18. Qc1 e5 19. Nf3 Kg7 20. Nfd2 f5 21. f3
Qb6+ 22. Kh1 Ne3 23. Nf2 Nxc2 24. Qxc2 Qxf2 0-1

[Event "Vesterhavsturneringen 2004"]
[Site "Esbjerg"]
[Date "2004.07.03"]
[Round "1"]
[White "Hoi, Carsten"]
[Black "Hansen, John B"]
[Result "1-0"]
[WhiteElo "2359"]
[BlackElo "1741"]
[PlyCount "59"]
[EventDate "2004.??.??"]
[EventType "swiss"]
[EventRounds "9"]
[EventCountry "DEN"]

1. d4 d5 2. Nf3 Nf6 3. c4 c6 4. Nc3 e6 5. e3 Bb4 6. Bd3 Nbd7 7. O-O Bxc3 8.
bxc3 O-O 9. Qc2 Re8 10. Ne5 Qc7 11. f4 Nf8 12. a4 N6d7 13. Ba3 f5 14. g4 g6 15.
gxf5 exf5 16. Kh1 Nf6 17. a5 Be6 18. Bxf8 Kxf8 19. c5 a6 20. Rg1 Qg7 21. Rg3
Ne4 22. Bxe4 fxe4 23. Rag1 Bf5 24. Rg5 Qf6 25. Qf2 Re7 26. Qh4 Rg7 27. Qh6 Re8
28. Rxf5 Qxf5 29. Rg5 Qf6 30. Nd7+ 1-0

[Event "Vesterhavsturneringen 2004"]
[Site "Esbjerg"]
[Date "2004.07.03"]
[Round "1"]
[White "Hoiberg, Erling"]
[Black "Klitaa, Ib"]
[Result "1-0"]
[WhiteElo "2135"]
[BlackElo "1633"]
[PlyCount "39"]
[EventDate "2004.??.??"]
[EventType "swiss"]
[EventRounds "9"]
[EventCountry "DEN"]

1. d4 d5 2. Nf3 Nf6 3. Bf4 e6 4. e3 a6 5. Bd3 h6 6. h3 c5 7. c3 Nc6 8. Nbd2 Bd6
9. dxc5 Bxc5 10. Qc2 Bd6 11. Bxd6 Qxd6 12. O-O Bd7 13. Rad1 Qc7 14. Rfe1 Rc8
15. a3 O-O 16. e4 Ne5 17. Nxe5 Qxe5 18. exd5 Qxd5 19. Ne4 Nh5 20. Be2 1-0

[Event "Vesterhavsturneringen 2004"]
[Site "Esbjerg"]
[Date "2004.07.03"]
[Round "1"]
[White "Jacobsen, Jacob"]
[Black "Jorgensen, Miki Worm"]
[Result "1-0"]
[WhiteElo "1825"]
[BlackElo "1333"]
[PlyCount "77"]
[EventDate "2004.??.??"]
[EventType "swiss"]
[EventRounds "9"]
[EventCountry "DEN"]

1. e4 e5 2. Nf3 d6 3. Nc3 Nf6 4. Bc4 c6 5. d3 Bg4 6. h3 Bh5 7. O-O Be7 8. Bb3
O-O 9. Bg5 Nbd7 10. Re1 Rc8 11. Nb1 d5 12. Nbd2 Re8 13. c3 Qc7 14. g4 Bg6 15.
Nh4 h6 16. Bxf6 Nxf6 17. Nxg6 fxg6 18. Qf3 Rcd8 19. Rad1 Rf8 20. Qg2 Kh7 21.
Nf1 b6 22. Re2 Rd6 23. exd5 cxd5 24. Rxe5 Rfd8 25. Rde1 R6d7 26. Ng3 Qb7 27. d4
Bf8 28. Bc2 Bd6 29. R5e2 Kh8 30. Bxg6 Qa6 31. a3 Qb5 32. Qf3 Rf8 33. Qd3 Qxd3
34. Bxd3 Rdf7 35. Nf5 Bc7 36. Ne7 Rd8 37. Bf5 Ng8 38. Nxg8 Rxg8 39. Be6 1-0

[Event "Vesterhavsturneringen 2004"]
[Site "Esbjerg"]
[Date "2004.07.03"]
[Round "1"]
[White "Jakobsen, Christian Kjaergaar"]
[Black "Hust, Christian Winther"]
[Result "1-0"]
[WhiteElo "2044"]
[BlackElo "1561"]
[PlyCount "89"]
[EventDate "2004.??.??"]
[EventType "swiss"]
[EventRounds "9"]
[EventCountry "DEN"]

1. e4 c5 2. c3 d5 3. exd5 Qxd5 4. d4 Nf6 5. Nf3 Nc6 6. Be2 c4 7. O-O e6 8. Nbd2
b5 9. a4 Ba6 10. axb5 Bxb5 11. Ne1 Be7 12. Nc2 a6 13. Ne3 Qd7 14. Ndxc4 Rb8 15.
Na5 Nxa5 16. Rxa5 O-O 17. c4 Qc7 18. Ra1 Bc6 19. Rxa6 Rfd8 20. Bf3 Ne4 21. Ra2
f5 22. Nc2 Bd6 23. h3 h6 24. Qe2 g5 25. Rd1 Bh2+ 26. Kh1 Bg3 27. Bxe4 Bxe4 28.
fxg3 Qxg3 29. Ra3 Rb3 30. Rxb3 Qxb3 31. Ne1 Qxh3+ 32. Kg1 Qb3 33. Be3 Kg7 34.
Rc1 f4 35. Bf2 Qb7 36. Ra1 Kg6 37. b4 h5 38. b5 g4 39. Ra6 Bf5 40. d5 Ra8 41.
Rxa8 Qxa8 42. d6 g3 43. Bd4 Qe4 44. Qxe4 Bxe4 45. d7 1-0

[Event "Vesterhavsturneringen 2004"]
[Site "Esbjerg"]
[Date "2004.07.03"]
[Round "1"]
[White "Jensen, Henrik Tranberg"]
[Black "Jacobsen, Per"]
[Result "1-0"]
[WhiteElo "2035"]
[BlackElo "1570"]
[PlyCount "53"]
[EventDate "2004.??.??"]
[EventType "swiss"]
[EventRounds "9"]
[EventCountry "DEN"]

1. d4 Nf6 2. c4 e5 3. dxe5 Ne4 4. g3 Bb4+ 5. Nd2 Nc6 6. Ngf3 d6 7. exd6 Qxd6 8.
Bg2 Qc5 9. O-O Nxd2 10. Nxd2 Bxd2 11. Bxd2 Qxc4 12. Rc1 Qe6 13. Bf4 Bd7 14.
Bxc7 O-O 15. Bd5 Qf6 16. Qd2 Rac8 17. Bf4 h6 18. Rfd1 Rfd8 19. e4 Bg4 20. Re1
Nd4 21. e5 Rxd5 22. Rxc8+ Bxc8 23. Qxd4 Rxd4 24. exf6 Bh3 25. fxg7 Rd7 26. Bxh6
f5 27. Re8+ 1-0

[Event "Vesterhavsturneringen 2004"]
[Site "Esbjerg"]
[Date "2004.07.03"]
[Round "1"]
[White "Jensen, Jonbert"]
[Black "Johansen, Johnny Holler"]
[Result "0-1"]
[WhiteElo "1421"]
[BlackElo "1916"]
[PlyCount "80"]
[EventDate "2004.??.??"]
[EventType "swiss"]
[EventRounds "9"]
[EventCountry "DEN"]

1. e4 c5 2. Nf3 Nc6 3. Nc3 g6 4. Be2 Bg7 5. O-O Nf6 6. Rb1 d5 7. exd5 Nxd5 8.
Nxd5 Qxd5 9. b3 Bf5 10. Bb2 Nd4 11. Nxd4 cxd4 12. Bf3 Qd7 13. d3 O-O 14. Re1
Rac8 15. Qe2 e5 16. Qd2 Rc7 17. Be4 Rfc8 18. Rbc1 Be6 19. c4 dxc3 20. Rxc3 Rxc3
21. Bxc3 f5 22. Bf3 Rxc3 23. Qxc3 e4 24. Qd2 exf3 25. Qe3 Bd5 26. Qxa7 fxg2 27.
Qb8+ Kf7 28. Rc1 Bc6 29. Qg3 Qe7 30. Qe3 Qxe3 31. fxe3 f4 32. Rxc6 bxc6 33.
exf4 Ke6 34. Kxg2 Kd5 35. Kf3 Kd4 36. Ke2 Bh6 37. h3 Bxf4 38. a4 Bc7 39. Kd2
Ba5+ 40. Kc2 c5 0-1

[Event "Vesterhavsturneringen 2004"]
[Site "Esbjerg"]
[Date "2004.07.03"]
[Round "1"]
[White "Jensen, Jorgen Tranbjerg"]
[Black "Krabbe, Daniel"]
[Result "0-1"]
[WhiteElo "1557"]
[BlackElo "2044"]
[PlyCount "64"]
[EventDate "2004.??.??"]
[EventType "swiss"]
[EventRounds "9"]
[EventCountry "DEN"]

1. d4 d5 2. c4 c6 3. Nf3 Nf6 4. Nc3 a6 5. e3 b5 6. cxd5 cxd5 7. Bd3 Bb7 8. O-O
e6 9. Bd2 Nbd7 10. Rc1 Rc8 11. Qe2 Be7 12. Rc2 O-O 13. Rfc1 Nb6 14. Ne5 Nc4 15.
Bxc4 dxc4 16. a4 Qb6 17. axb5 axb5 18. f3 Rfd8 19. Be1 Nd5 20. Bg3 Nb4 21. Rd2
f6 22. Ng4 Nd3 23. Ra1 Ra8 24. Rdd1 b4 25. Ne4 f5 26. Nd2 Nxb2 27. Rdb1 Rxa1
28. Rxa1 fxg4 29. fxg4 c3 30. Nb3 Bd5 31. Nc1 Bc4 32. Qf3 Rf8 0-1

[Event "Vesterhavsturneringen 2004"]
[Site "Esbjerg"]
[Date "2004.07.03"]
[Round "1"]
[White "Jensen, Thomas Astrup"]
[Black "Bernhardsson, Sten"]
[Result "1/2-1/2"]
[WhiteElo "1570"]
[BlackElo "2115"]
[PlyCount "89"]
[EventDate "2004.??.??"]
[EventType "swiss"]
[EventRounds "9"]
[EventCountry "DEN"]

1. e4 d5 2. exd5 Nf6 3. d4 Nxd5 4. c4 Nb6 5. Nc3 e5 6. dxe5 Qxd1+ 7. Kxd1 Nc6
8. f4 Bg4+ 9. Ke1 Nb4 10. Kf2 Nc2 11. Rb1 Bf5 12. Be2 Bc5+ 13. Kg3 h5 14. h4
Nd4 15. Ra1 O-O-O 16. b3 Nc2 17. Rb1 Ne1 18. Ra1 Bb4 19. Bb2 Nd3 20. a3 Bc5 21.
Bxd3 Rxd3+ 22. Nf3 Rhd8 23. Rad1 Rxd1 24. Nxd1 Bc2 25. b4 Rxd1 26. Rxd1 Bxd1
27. bxc5 Nxc4 28. Bc1 Bxf3 29. Kxf3 Kd7 30. Ke4 Kc6 31. Kf5 Kd5 32. Kg5 b5 33.
cxb6 cxb6 34. Kxh5 b5 35. Kg5 a5 36. Kf5 Nxa3 37. Bxa3 b4 38. Bc1 a4 39. g4 a3
40. g5 Kc4 41. g6 fxg6+ 42. Kxg6 Kc3 43. e6 a2 44. e7 a1=Q 45. e8=Q 1/2-1/2

[Event "Vesterhavsturneringen 2004"]
[Site "Esbjerg"]
[Date "2004.07.03"]
[Round "1"]
[White "Jessen, Ernst J"]
[Black "Grubert, Christian"]
[Result "0-1"]
[WhiteElo "1633"]
[BlackElo "2054"]
[PlyCount "96"]
[EventDate "2004.??.??"]
[EventType "swiss"]
[EventRounds "9"]
[EventCountry "DEN"]

1. e4 c5 2. Nf3 g6 3. d4 cxd4 4. Nxd4 Bg7 5. c3 Nc6 6. Be3 Nf6 7. f3 O-O 8. Be2
d5 9. exd5 Nxd5 10. Nxc6 bxc6 11. Qc1 Nxe3 12. Qxe3 Qb6 13. Qxb6 axb6 14. O-O
Be6 15. a3 Rfd8 16. Kf2 Bb3 17. f4 Ra4 18. g3 e5 19. Ke1 exf4 20. Nd2 Be6 21.
Rxf4 Rxf4 22. gxf4 Bh6 23. Rd1 Bxf4 24. Nf3 Rxd1+ 25. Kxd1 g5 26. c4 g4 27. Nd4
Bd7 28. b4 Be5 29. Nc2 Bxh2 30. a4 Bc7 31. Ne3 f5 32. b5 g3 33. Bf3 cxb5 34.
axb5 Be6 35. Ke2 Kf7 36. Kf1 Kg6 37. Kg2 f4 38. Nd5 Bxd5 39. Bxd5 Kf5 40. Bf3
Ke5 41. Bd5 Kd4 42. Kf3 h5 43. Bf7 h4 44. Be6 Bd6 45. Ke2 g2 46. Kf2 f3 47. Bd5
Bh2 48. Bxf3 g1=Q+ 0-1

[Event "Vesterhavsturneringen 2004"]
[Site "Esbjerg"]
[Date "2004.07.03"]
[Round "1"]
[White "Kaarsberg, Allan"]
[Black "Sedlak, Nikola"]
[Result "0-1"]
[WhiteElo "1766"]
[BlackElo "2519"]
[PlyCount "70"]
[EventDate "2004.??.??"]
[EventType "swiss"]
[EventRounds "9"]
[EventCountry "DEN"]

1. f4 d5 2. e3 Nf6 3. Nf3 c5 4. d3 Nc6 5. Be2 g6 6. O-O Bg7 7. Qe1 O-O 8. a3
Re8 9. Ne5 Qc7 10. Qg3 Nd7 11. Nf3 f5 12. Nc3 d4 13. Nd1 Nf6 14. c3 dxe3 15.
Bxe3 Nd5 16. Nh4 Nxe3 17. Nxe3 e5 18. Nd5 Qd8 19. c4 exf4 20. Nxf4 g5 21. Nh5
Qd4+ 22. Kh1 Qxh4 23. Bf3 Qxg3 24. Nxg3 Nd4 25. Bd5+ Be6 26. Nxf5 Bxd5 27. cxd5
Nxf5 28. Rxf5 Re5 29. Raf1 Rxf5 30. Rxf5 Rf8 31. g4 Rxf5 32. gxf5 Bxb2 33. a4
Kf7 34. Kg2 Ke7 35. Kf3 h5 0-1

[Event "Vesterhavsturneringen 2004"]
[Site "Esbjerg"]
[Date "2004.07.03"]
[Round "1"]
[White "Kjaergaard Jensen, Jesper"]
[Black "Leutenberger, Kevin"]
[Result "1-0"]
[WhiteElo "2124"]
[BlackElo "1669"]
[PlyCount "51"]
[EventDate "2004.??.??"]
[EventType "swiss"]
[EventRounds "9"]
[EventCountry "DEN"]

1. d4 Nf6 2. Nf3 g6 3. Bg5 Ne4 4. Bf4 Bg7 5. c3 c5 6. e3 cxd4 7. exd4 d5 8.
Nbd2 Qb6 9. Nxe4 dxe4 10. Nd2 Qxb2 11. Rb1 Qa3 12. Rb3 Qa5 13. Bb5+ Nd7 14.
Nxe4 b6 15. Qf3 O-O 16. a4 a6 17. Bc6 Ra7 18. O-O e5 19. Bd2 b5 20. axb5 axb5
21. Bxb5 exd4 22. cxd4 Qb6 23. Bxd7 Qxd4 24. Bxc8 Ra1 25. Ba6 Rxa6 26. Bc3 1-0